000 00679nam a2200265Ia 4500
003 OSt
005 20221007103910.0
006 a|||||r|||| 00| 0
007 ta
008 221006b |||||||| |||| 00| 0 eng d
024 _a14,346
037 _cTextual
040 _aLCO
_cLCO
_beng
041 _2eng
_aeng
082 _aZ2,94q M72, K9
100 _aRaju V.B.
245 0 _aCommentaries on The Indian Evidence Act,1872
250 _a3rd
260 _aDelhi
_bEastern Book Company India
_c1969
300 _a1056
490 _vVol - 11
650 _aEVIDENCE
942 _hZ2,94q M72, K9
_cTEXL
999 _c1183909
_d1183909